000 01168nam a22003137a 4500
999 _c100250
_d100250
005 20230112154911.0
010 _a1617EN ENG-115250 ENG-135979
020 _a9789385965630
_c750.00
020 _c750.00
_a9385965638
035 _aB-654098-103
035 _aEN-98782
035 _aB-665170
035 _aEN-119511
037 _bABC
037 _bDBAD/PUB
082 _a519.5024658
100 _aSrivastava,T.N .
245 _aStatistics for management /
_cby T.N. Srivastava [and] Shailaja Rego
246 _a
250 _a3rd ed
260 _aNew Delhi
_bMcGraw Hill Education
_c2016
270 _aP-24,Green Park Ext.
_bNew Delhi
_e110016
300 _axxvi,743p.
_bill.
_c28cm(ppk)
500 _aIncludes index
700 _aRego,Shailaja
942 _2ddc
_cEN
_mSRI
_h519.5024658